00721nam a22001815i 4500001000700000003000900007005001700016008004100033080001200074100002500086245015800111260013700269300002100406500002700427650001300454710003000467852004200497178698ES-MaACL20230906220604.0110610s1973 sp |||| | spa d a616-0061 aFerrer Pi, Santiago.10aContribución al estudio del higroma quístico / cresumen de la tesis presentada para aspirar al grado de doctor en medicina por Manuel Galofre Folch. aBarcelona : bUniversidad de Barcelona, Secretariado de Publicaciones, Intercambio Científico y Extensión Universitaria, c1973. a12 p. ; c24 cm. aCub. tomada como port.04aTumores.2 aUniversidad de Barcelona. aES-MaACLjE-15361 (105) xOlim P-1374